banner-ar

STEEL DESIGNERS' MANUAL / (Record no. 19965)

MARC details
000 -الفاتح
حقل البيانات ثابتة الطول 00599nam a2200217Ia 4500
008 - عناصر البيانات ثابتة الطول - معلومات عامة
حقل البيانات ثابتة الطول 140319s9999 xx 000 0 eng d
040 ## - مصدر الفهرسة
وكالة الفهرسة الأصلية GCL /
وكالة النسخ GCL
082 04 - رقم تصنيف ديوى العشرى
رقم التصنيف 620.0042
رقم المادة O S
100 1# - المدخل الرئيسى - إسم شخصى
الإسم الشخصى OWENS, GRAHAM
245 10 - بيان العنوان
العنوان STEEL DESIGNERS' MANUAL /
بيان المسئوليه,etc OWENS, GRAHAM
700 1# - المدخل الاضافى - اسم شخصى
الإسم الشخصى KNOWLES, PETER R.
700 1# - المدخل الاضافى - اسم شخصى
الإسم الشخصى DOWING, PATRICK J.
260 ## - PUBLICATION, DISTRIBUTION, ETC. (IMPRINT)
تاريخ النشر أو التوزيع 1994
300 ## - الوصف المادى
التعداد 1266 P
650 04 - المدخل الاضافى بالموضوع-مصطلح موضوعى
مصطلح موضوعي التحليل الرياضى
650 04 - المدخل الاضافى بالموضوع-مصطلح موضوعى
مصطلح موضوعي BUILDINGS
650 04 - المدخل الاضافى بالموضوع-مصطلح موضوعى
مصطلح موضوعي CIVIL ENGINEERING
650 04 - المدخل الاضافى بالموضوع-مصطلح موضوعى
مصطلح موضوعي STEEL STRUCTURE
942 ## - عناصر المدخل الإضافي( كوها)
مصدر التصنيف او مخطط الترفيف Dewey Decimal Classification
Koha [default] item type كتاب
260 ## - PUBLICATION, DISTRIBUTION, ETC. (IMPRINT)
-- [S.N] :
-- ELBS BLACK WELL SCIENTIFIC PUBLICATION ،
Holdings
حالة التراجع حالة الفقد حالة تلف ليس للاعارة المكان المؤقت الموقع الحالى تاريخ الاكتساب اجمالي اﻻعارات رقم الطلب الباركود تاريخ اخر مشاهدة تاريخ تفعيل السعر نوع وعاء كوها
        مكتبة القاهرة الكبرى مكتبة القاهرة الكبرى 03/26/2014   620.0042\O S 37741 03/26/2014 03/26/2014 كتاب

Powered By

EGPV